| 000 | 00768nam a2200253Ia 4500 | ||
|---|---|---|---|
| 003 | OSt | ||
| 005 | 20220926005553.0 | ||
| 006 | a|||||r|||| 00| 0 | ||
| 007 | ta | ||
| 008 | 220923b |||||||| |||| 00| 0 eng d | ||
| 020 | _c70.00 | ||
| 037 |
_bNIL, 16/11/1987, Sultan _cGeneral Book |
||
| 040 |
_aRTL _cRTL _beng |
||
| 041 |
_2eng _aeng |
||
| 082 | _aB2893, M4;M7/TD | ||
| 100 | _aKapoor V K | ||
| 245 | 0 |
_aOperations research books in print _b For managerial decision making |
|
| 250 | _a2 | ||
| 260 |
_a New Delhi _bSultan Chand _c1987 |
||
| 300 |
_axviii, Various pagination _ccm. |
||
| 650 | _aOperational Research | ||
| 942 |
_hB2893, M4;M7/TD _cGB _2CC |
||
| 999 |
_c614333 _d614333 |
||